[Event "Aerosvit GM"]
[Site "Foros UKR"]
[Date "2006.06.25"]
[Round "8"]
[White "Nisipeanu, Liviu Dieter"]
[Black "Grischuk, Alexander"]
[Result "1-0"]
[WhiteElo "2695"]
[BlackElo "2719"]
[Annotator "Rahal, M"]
[PlyCount "75"]
[EventDate "2006.06.17"]
[Source "EDAMI"]
[SourceDate "2006.12.20"]

{Una de las partidas más espectaculares del torneo se jugó en la octava ronda
entre el excampeón de Europa Liviu Dieter Nisipeanu y el genial jugador ruso
Alexander Grischuk. El rumano lanza un ataque y no duda en sacrificar material
para exponer al rey negro a sus piezas pesadas. Un ejemplo de manual de como
conducir el atauqe al rey en el centro.} 1. e4 c5 2. Nf3 d6 3. d4 cxd4 4. Nxd4
Nf6 5. Nc3 a6 6. Bc4 {Esta línea se hizo popular gracias al excampeón mundial
Bobby Fischer, que ganó muchas buenas partidas con esta jugada de ataque.
También Kasparov ha usado esta variante con blancas, y ha tenido la ocasión de
defenderse con negras contra ella.} e6 7. Bb3 Nbd7 {Tradicionalmente se ha
considerado 7...b5 como la jugada más fuerte, pero la textual se hizo popular
en el match Short-Kasparov 1992 y desde entonces se juega con frecuencia. La
idea es saltar a c5 presionando en e4, defendiendo e6 y preparando el cambio
del alfil b3 en el momento oportuno.} ({
Un elegante ejemplo reciente de la alternativa es} 7... b5 8. Bg5 Be7 9. Qf3
Qc7 10. O-O-O O-O $2 {Esta jugada es un error bastante conocido} 11. e5 $1 Bb7
{# Diagrama de análisis.} 12. exf6 $3 Bxf3 13. fxe7 Bxd1 14. Nxe6 $3 Qxe7 (
14... fxe6 15. Bxe6+ Kh8 16. exf8=Q#) 15. Bxe7 Re8 16. Nc7 {
1-0 Arizmendi Martinez,J-Yagupov,I/Istanbul 2003}) 8. Bg5 {El plan de
o más peligroso para las negras. El blanco planea f4 seguido de Qf3 y 0-0-0
con una interesante posición de ataque.} h6 9. Bxf6 {Las blancas ceden el
alfil de casillas negras para seguir con 0-0 y f4 con idea de f5 atacando e6
con más piezas.} ({Una interesante alternativa es} 9. Bh4 Qa5 10. Qe2 Qh5 {
Jugada de Kasparov.} 11. Nf3 $1 {
Novedad de Morozevich, evitando el cambio de damas, con buen juego.} Be7 12.
O-O-O O-O 13. Rhg1 Ne5 14. Bg3 Nxf3 15. gxf3 Bd7 16. e5 dxe5 17. Bxe5 Bc6 18.
Rg3 Qf5 19. Rdg1 g6 20. f4 Nh5 21. Rg4 Bf6 22. Qe3 Rad8 23. Bxf6 Qxf6 24. f5 $1
g5 25. h4 exf5 26. hxg5 Qd6 27. Rh4 Rfe8 28. gxh6+ Kh8 29. Qg5 {1-0 Morozevich,
A-Cvitan,O/Bled 2002. Esta partida es importante para entender el juego de las
blancas en esta variante.}) 9... Qxf6 10. O-O g5 $6 $146 {Novedad - dudosa -
de Grischuk. No se entiende la necesidad de debilitar el flanco de rey, más
aún cuando no se evita el plan de las blancas.} ({
En una partida entre dos GM se había jugado} 10... Be7 11. f4 Bd8 12. e5 $1 {
Ruptura temática.} dxe5 13. f5 $1 exd4 14. fxe6 dxc3 15. exd7+ Bxd7 16. Rxf6
Bxf6 17. Bxf7+ Kxf7 18. Qxd7+ {con ventaja decisiva de las blancas en la
partida Horvath,T-Horvath,J/Zalakaros 1992}) 11. f4 Bg7 {# Parece que el
ataque sobre el caballo condicionará el juego de las blancas, pero Nisipeanu,
que sin duda conocía los temas tácticos de la partida antes mencionada,
reacciona adecuadamente.} 12. e5 $1 dxe5 13. f5 {
Asegurandose la apertura de la columna "f".} e4 ({
El caballo no se puede capturar} 13... exd4 14. fxe6 Qg6 (14... Qe5 15. exd7+
Bxd7 16. Re1) 15. exd7+ Bxd7 16. Bxf7+ Qxf7 17. Rxf7 Kxf7 18. Qh5+ $18) (13...
exf5 14. Nxf5 $1 ({No} 14. Rxf5 $6 Qb6 $13) 14... O-O 15. Nd5 Qd8 16. Qh5 {
con posición aplastante para las blancas.}) {Por su parte} 14. Nce2 exf5 $6 {
Tras esta jugada las blancas tienen un ataque muy fuerte.} ({El mal menor era} 
14... e5 15. Ne6 $1 fxe6 16. fxe6 Qd8 17. exd7+ Qxd7 18. Bf7+ Kd8 19. Qe1 {
y la mala posición del rey negro en el centro concede la ventaja a las blancas.
Sin embargo, tras 19...Kc7 habría partida por delante.}) 15. Rxf5 Qb6 16. Rxf7
Bf6 17. Qd2 $1 {Terminando el desarrollo, e incorporando la otra torre al
ataque. Las blancas tendrá que entregar la calidad, pero la compensación es
inmensa.} Ne5 18. Rxf6 Qxf6 19. Rf1 Qb6 $2 {Esta jugada es un error.} ({
Mejor era} 19... Qe7 $5 {manteniendo la dama cerca del rey.}) 20. Nc3 $1 {
Con la terible amenaza Nd5.} Nc6 21. Bf7+ Kd8 {
No hay alternativa, como las demás jugadas demuestran.} (21... Ke7 22. Nd5+) (
21... Kf8 22. Bh5+ Kg8 23. Rf8+ $1 Kxf8 24. Qf2+ Ke7 25. Nd5+) 22. Qf2 $1 $18 {
La doble amenaza Qf6+ y Ne6+ (seguido de Qxb6) deciden la partida. Grischuk
prefiere entregar la dama (22...Nxd4? 23.Rd1 con mate inminente), pero con su
rey en el centro no tendrá ninguna oportunidad.} Qxd4 23. Rd1 Qxd1+ 24. Nxd1 {
# En otra situación, con el rey negro bien enrocado, las dos torrescompensarían
adecuadamente a la dama blancas, pero es bien sabido que la dama siempre es
superior a las dos torres si puede atacar a un rey desnudo, más aún si tiene
la colaboración de alguna pieza menor.} Ke7 25. Ne3 Be6 {
Había que evitar 26.Nd5+.} 26. Bxe6 Kxe6 27. Qf5+ Ke7 28. Qxe4+ Kd6 29. Qd3+
Ke6 30. Qg6+ Kd7 31. Nc4 $1 {Con sus inteligentes jaques Nisipeanu ha colocado
al rey negro en una casilla desfavorable. Se amenazan tanto Qd6+ como Nb6+.}
Rad8 32. Qd6+ Ke8 (32... Kc8 33. Nb6#) 33. Qe6+ Kf8 (33... Ne7 34. Nd6+ Kf8 35.
Qf7#) 34. Qf6+ Kg8 (34... Ke8 35. Qxh8+ $18) 35. Qg6+ Kf8 36. h3 $1 {
Jugando seguro. Las negras no van a ninguna parte.} (36. Nd6 Ke7 37. Nxb7 Rd1+
{también gana para las blancas pero le da a las negras un poco de vidilla.})
36... Rg8 37. Qf6+ Ke8 38. Nd6+ {Una gran partida de ataque de Nisipeanu.} 1-0

[Event "Horgen"]
[Site "Horgen"]
[Date "1995.10.31"]
[Round "10"]
[White "Kramnik, Vladimir"]
[Black "Vaganian, Rafael A"]
[Result "1-0"]
[WhiteElo "2730"]
[BlackElo "2645"]
[Annotator "Martin, A"]
[PlyCount "69"]
[EventDate "1995.10.??"]
[EventType "tourn"]
[Source "EDAMI"]
[SourceDate "2006.12.20"]

1. Nf3 Nf6 2. d4 e6 3. c4 b6 4. a3 {Este sistema fue primeramente popularizado
por el campeón mundial T. Petrosian y mucho más tarde Kasparov volvió a
ponerlo de moda al obtener muchas victorias con él.} Bb7 5. Nc3 Ne4 (5... d5 {
es una continuación más natural y también mucho más empleada.}) 6. Nxe4 Bxe4 7.
e3 (7. Nd2 Bb7 8. e4 {puede partecer más lógica, pero después de} Qf6 {
las blancas experimentan algunos problemas para sostener su centro.}) 7... Be7
8. Bd3 d5 $6 ({seguramente era preferible} 8... Bxd3 9. Qxd3 d5) ({En cambio} 
8... f5 {resulta dudosa por} 9. Bxe4 fxe4 10. Nd2 d5 11. Qh5+ g6 12. Qg4 {
seguido de f3 con clara ventaja de las blancas.}) 9. Bxe4 {2 puntos. Es el
comienzo de un interesante plan con el que las blancas poner problemas a su
adversario desde las primeras jugadas.} dxe4 10. Nd2 f5 11. f3 $1 {
3 puntos. esta es la clave de la maniobra anterior.} ({Tras} 11. O-O O-O 12. f3
{sería menos fuerte debido a} c5 $1 $132) 11... Bd6 (11... exf3 {
Planteando la amenaza ...Qh4. La natural} 12. Qxf3 c6 13. O-O {
lleva a una posición favorable a las blancas.}) (11... c5 {
es menos efectivo, debido a} 12. Qa4+ Kf8 13. fxe4 cxd4 14. exf5 dxe3 15. Nf3
exf5 16. Bxe3 Qd3 17. Kf2 $16) 12. Qa4+ $1 {3 puntos. Como las negras tienen
atacado su peón e4, no es posible plantear el cambio de damas en respuesta a
este jaque.} c6 ({Posiblemente fuera preferible} 12... Nd7 {
y las blancas deberían elegir entre la tranquila} 13. O-O ({y la más aguda} 13.
fxe4 $5 Qh4+ 14. g3 $1 (14. Kd1 Qg4+ 15. Kc2 Qxg2 $15) 14... Bxg3+ 15. Kd1 fxe4
16. Qc6 Ke7 17. Nxe4 Bd6 18. Bd2 $40 {
con juego complicado, pero donde el rey negro está peor que su colega blanco.})
13... exf3 14. Nxf3 O-O $13 {con una ligera ventaja de las blancas.}) 13. O-O
Qh4 (13... exf3 14. Nxf3 O-O 15. Bd2 $14 {
es algo mejor para las blancas, que seguirían con Rae1, prepàrando e4}) 14. f4
({Evidentemente forzado, ya que tras} 14. g3 Bxg3 $10 {
las negras tienen tablas.}) 14... O-O 15. c5 $1 {4 puntos por este excelente
sacrificio de peón con el que las blancas ganan tiempos y dejan al descubierto
muchas de las debilidades en el campo adversario.} bxc5 ({Si} 15... Bc7 16.
cxb6 Bxb6 17. Nc4 $16 {con ventaja de las blancas y sin sacrificar nada.}) 16.
Nc4 Qe7 ({Se amenazaba Nb6 y} 16... Bc7 17. dxc5 Qe7 18. b4 $16 {
es claramente favorable a las blancas.}) 17. dxc5 ({
2 puntos. No hay que dejarse llevar por} 17. Nb6 $6 axb6 18. Qxa8 cxd4 19. exd4
Qc7 20. Qa4 Nd7 $15 {donde las negras tienen las mejores posibilidades.}) 17...
Bxc5 18. b4 Bd6 19. Bb2 $1 $16 ({2 puntos. La compensación blanca es evidente.
Buenas casillas para sus piezas menores mientras que las negras, especialmente
el Nb8, que debe defender c6, tienen problemas para desarrollarse. De nuevo
sería dudoso ir a ganar material abandonando el centro con} 19. Nb6 axb6 20.
Qxa8 e5 (20... c5 $5 $44 {tampoco estaría mal}) 21. Bb2 exf4 22. exf4 Qc7 $44 {
con buena compensación.}) 19... Bc7 (19... Qc7 20. Nxd6 Qxd6 21. Rfd1 $16 {
deja a las blancas con clara ventaja.}) 20. Rfd1 c5 (20... Rd8 {
no es buena, ya que tras} 21. Rxd8+ Qxd8 22. Rd1 $40 {
los problemas de las negras se agravan por la indefensión de la primera fila})
21. bxc5 (21. Qb5 $5 {
Kramnik sigue manteniendo la presión sin intentar recuperar el peón con} Bb6
22. Nxb6 axb6 23. Qxb6 $16 {
que de todas formas también sería favorable a las blancas.}) 21... Qxc5 22.
Rac1 Qe7 (22... Qc6 $6 {
planteaba una pequeña celada, pero no era buena. Podía seguir} 23. Qxc6 ({
incluso} 23. Qb3 $5 {es favorable}) 23... Nxc6 24. Nd2 Rab8 $1 25. Rxc6 Rxb2 {
pero} 26. Nc4 $1 ({y si ahora las blancas toman la pieza} 26. Rxc7 $2 {
las negras igualan con} Rd8 $10) 26... Rb7 27. Rd7 Rb1+ 28. Kf2 $16 {
es muy ventajoso para el blanco.}) 23. Qb5 Bb6 24. a4 $5 ({2 puntos. Kramnik
prefiere de nuevo limitar la actividad de las negras, seguro de que el
material lo puede ganar más adelante. De todas maneras, también merece 1 punto
} 24. Nxb6 axb6 (24... Qb7 $2 25. Qe5) 25. Qxb6 Na6 $16 26. Be5 {
ya que las blancas quedan con ventaja.}) 24... Bc5 25. Bd4 Bxd4 ({
Es dificil valorar si esta continuación es mejor que} 25... Nd7 {
que aunque permite el golpe} 26. Bxg7 $1 (26. Bxc5 Nxc5 27. Ne5 Nd3 $10) {
tiene la ventaja de terminar el desarrollo después de} 26... Rf7 27. Ba1 Rd8 $5
$16 {De cualquier modo, la ventaja de als blancas es clara.}) 26. Rxd4 a6 ({Si
} 26... Rc8 27. Rcd1 Nc6 28. Rd7 {es molesta, ya que} Qf6 {se responde con} (
28... Qe8 29. Qb7) 29. Nd6) ({
mientras que el intento de luchar por la columna abierta con} 26... Rd8 {
falla por} 27. Rxd8+ Qxd8 28. Qb7 Nd7 29. Rd1 $18 {ganando}) 27. Qb6 Ra7 $2 ({
Tras este error la ventaja de las blancas adquiere un carácter decisivo. Pero
la defensa de las negras no era fácil, ni siquiera con la mejorjugada} 27...
Rc8 {a lo que seguiría} 28. Rcd1 Nc6 29. Rd7 Qe8 (29... Qf6 30. Nd6) 30. Qb2 (
30. Qb7 Ra7 $1 {(esta es la idea de 26...a6)} 31. Rxg7+ Kf8 32. Rf7+ Kg8 $10)
30... Qg6 31. R1d6 $40 {con gran ventaja de las blancas.}) 28. Nd6 {
2 puntos. No solo se amenaza Nc8 sino que evita ...Rb7.} Rd7 29. Rc8 $1 $18 {
4 puntos por esta sencilla pero muy efectiva jugada que elimina un defensor
vital de la primera línea de las negras. Encambio} (29. Nc8 $2 Qa3 $1 $13 {
daría de pronto todo el juego a las negras.}) 29... Rxc8 ({Forzada porque si} 
29... Rfd8 30. Nxf5 $1 exf5 31. Rxd8+ $18) 30. Nxc8 Qa3 ({
Las negras buscan un contraataque desesperado pues} 30... Qe8 31. Qxb8 $18 {
gana fácilmente, respondiendo a} Rxd4 32. exd4 e3 {con} 33. Ne7+) 31. Qxe6+ Kf8
32. Qxf5+ Ke8 ({Igualmente pierde} 32... Kg8 33. Rxd7 Qxe3+ 34. Kf1 Qc1+ (34...
Nxd7 35. Qe6+ Kf8 36. Qe7+ Kg8 37. Qe8+ Nf8 38. Ne7+ $18) 35. Kf2 e3+ 36. Kg3
Nxd7 37. Qe6+ Kf8 38. Qe7+ $18 {y las blancas dan mate.}) 33. Qe6+ Kd8 (33...
Kf8 34. Rxd7 Qxe3+ 35. Kf1 Qxf4+ 36. Ke2) 34. Qb6+ Ke8 (34... Kxc8 35. Rc4+ $18
) 35. Nd6+ (35. Nd6+ Ke7 (35... Rxd6 36. Qxd6 Qxe3+ 37. Kf1 Qc1+ 38. Kf2) 36.
Rxe4+ (36. Rxe4+ {Ftacnik} Kf6 37. Qd4+ Kg6 38. Re6+)) 1-0

[Event "GM"]
[Site "Biel SUI"]
[Date "2006.07.26"]
[Round "3"]
[White "Morozevich, Alexander"]
[Black "Volokitin, Andrei"]
[Result "1-0"]
[WhiteElo "2731"]
[BlackElo "2662"]
[Annotator "Rahal, M"]
[PlyCount "169"]
[EventDate "2006.07.24"]
[Source "EDAMI"]
[SourceDate "2006.12.20"]

1. e4 c5 2. Nf3 d6 3. d4 cxd4 4. Nxd4 Nf6 5. Nc3 a6 6. Be3 e5 7. Nb3 Be6 8. Qd2
Be7 9. f3 O-O 10. O-O-O Nbd7 11. g4 b5 12. g5 b4 13. Ne2 Ne8 14. h4 ({
La alternativa más popular es} 14. f4 {con idea de empujar el peón a f5. UN
ejemplo reciente es esta interesante partida de Vishy Anand contra el joven
Karjakin.} a5 15. f5 a4 16. Nbd4 exd4 17. Nxd4 b3 18. Kb1 bxc2+ 19. Nxc2 Bb3
20. axb3 axb3 21. Na3 Ne5 22. h4 Ra5 23. Qc3 Qa8 24. Bg2 Nc7 $3 25. Qxc7 Rc8
26. Qxe7 Nc4 27. g6 hxg6 28. fxg6 Nxa3+ 29. bxa3 Rxa3 30. gxf7+ Kh7 31. f8=N+
Rxf8 32. Qxf8 Ra1+ 33. Kb2 Ra2+ 34. Kc3 Qa5+ 35. Kd3 Qb5+ 36. Kd4 Ra4+ 37. Kc3
Qc4+ {0-1 Karjakin,S-Anand,V/Wijk aan Zee NED 2006}) ({Otra opción teórica es} 
14. Ng3 {que está perdiendo adeptos ante las embestidas 14.h4 y 14.f4.}) 14...
a5 15. Kb1 {Habilitando una casilla para la retirada del caballo.} Nb6 16. Ng3
{A diferencia de la variante con 14.f4 el ataque de las blancas en esta
variante se desarrolla con más lentitud.} a4 17. Nc1 d5 18. Bxb6 Qxb6 19. exd5
Rd8 20. Bc4 Nc7 {# Esta es la posición crítica de la variante que comienza con
14.h5. En casi todas las partidas las blancas continuaban con 21.Qe2 apartando
a la dama de la clavada de la torre. Sin embargo las negras tienen buena
posición: sus piezas ocupan buenas casillas y ya han efectuado la jugada
liberadora ...d5. Morozevich se decide por un elegante sacrificio de dama, que
ya se había jugada una vez a principios del año.} 21. dxe6 $5 Rxd2 22. exf7+
Kh8 23. Rxd2 {A cambio de la dama las blancas tienen una torre, un caballo y
dos peones, uno de ellos en f7, por lo que la compensación parece suficiente.
A Fritz le gusta jugar con las negras aquí, básicamente porque la dama negra
tiene muchas posibilidades de atacar las debilidades en el campo de las
blancos.} Qc6 24. b3 Nb5 (24... Qxf3 $6 25. Rd7 Qxg3 26. Rxe7 {
es favorable para las blancas. Ahora el peón en f7 es muy fuerte.}) 25. Bxb5 {
Hay que eliminar el caballo ante los jaques en a3 y c3.} Qxb5 26. Nf5 $5 {
Esta es la novedad de Morozevich. El peón de f7 no se puede aguantar, por lo
que el blanco intenta cambiar el alfil de casillas negras, y así acceder co su
torre a la octava fila.} ({
La única partida con este sacrificio de dama continuó} 26. bxa4 Qxa4 27. Rhd1
Rxf7 28. Rd7 Kg8 29. Ne4 {y se acordaron tablas en la partida Leko,P-Karjakin,
S/Wijk aan Zee NED 2006. En realidad la partida está totalmente abierta, pero
a diferencia de la posición de Morozevich las blancas no disponen de ningún
peón pasado.}) 26... Rxf7 27. Nxe7 Rxe7 28. Rd8+ Re8 29. Rhd1 g6 ({En vista de
la continuación de la partida quizás habría que intercalar el cambio de peones
en b3.} 29... axb3 30. axb3 g6 31. R1d5 Qc6 32. Rxe8+ Qxe8 33. Nd3 Qf7 34. Nxb4
Qxf3 35. Rxe5 Qh1+ 36. Ka2 Qxh4 {y las blancas tienen la ventaja pero tendrán
que luchar contra un peón pasado en el flanco de rey tras ...h5.}) 30. R1d5 Qc6
31. R5d6 Qb5 {# Morozevich ya tiene las tablas garantizadas pero ahora debe
decidirse si quiere intentar ganar (!y correr el riesgo de perder!).} 32. Rb6
$1 Qxb6 33. Rxe8+ Kg7 34. bxa4 $1 {Esta jugada es muy importante, ya que en la
lucha de dama contra dos o tres piezas la presencia de peones pasados es
fundamental.} Qc5 35. Rb8 $1 {Muy preciso. Se ataca el peón de b4 y se prepara
el asedio al peón de e5 mediante Rb5.} (35. Nd3 Qg1+ 36. Kb2 Qd4+ $11) 35...
Qd5 36. Rb5 Qxf3 37. Rxe5 h5 38. a5 Qc6 39. a6 $1 {La mejor manera de
progresar. Las blancas quieren tener su caballo en d3 y su torre en e4 para
capturar el peón de b4 sin perder el de h4, cosa que ocurriría tras 39.Nd3
Qh1+ y ...Qxh4, con contrajuego por el peón pasado de h5.} Qxa6 40. Re4 Kf7 41.
Nd3 Qa3 42. Rf4+ Ke7 43. Rxb4 {Esta posición está técnicamente ganada, aunque
Morozevich tardará más de 40 jugadas en convertir la victoria. Las claves son:
a) No perder el peón de h4. b) Avanzar cuidadosamente el rey y al menos uno de
los peones, utilizando el caballo para proteger contra los jaques y la torre
para mantener lejos al rey negro.} Kd8 44. Rc4 Ke7 45. Nb4 Ke6 46. c3 Qa4 47.
Kb2 Kf7 48. Rd4 Qb5 49. Kb3 Qf1 50. Kb2 Qb5 51. a3 Kf8 52. Kb3 Qf1 53. a4 {
La repetición de jugadas y el avance a2-a3 y luego a3-a4 forman parte de la
técnica de desgaste que los rusos dominan tan bien.} Qb1+ 54. Kc4 Qa1 55. Kb5
$1 {Morozevich no duda en entregar el peón de c3 a cambio de conseguir
posición de rey.} Qxc3 56. Nc6 Qb3+ 57. Rb4 Qf7 58. a5 Qf5+ 59. Kb6 Qf2+ 60.
Kb7 Qf7+ 61. Ka8 Qf1 62. Kb8 Ke8 63. Rd4 $1 {
El rey negro no debe acercarse más.} Qf5 64. Rd8+ Kf7 65. Kc7 Qb5 66. Rb8 Qc4
67. Rb4 Qf1 68. Kb7 Ke6 69. a6 Kd6 70. a7 Qf7+ 71. Ka6 $1 Qe8 72. Na5 $1 {
Precisión hasta el final.} ({
Aún podía equivocarse Morozecich con la espectacular} 72. Rb8 $5 Qe2+ (72...
Qxc6+ 73. Rb6) 73. Rb5 Qe8 74. Ne7 $5 Qa8 75. Rb8 Qe4 76. a8=Q Qa4+ 77. Kb7
Qb5+ 78. Ka7 (78. Kc8 Qd7#) 78... Qa5+ $11) 72... Qc8+ 73. Nb7+ Kd5 74. Rb5+
Kd4 75. Rc5 $1 Qe6+ 76. Kb5 Qb3+ 77. Kc6 Qa4+ (77... Qf3+ 78. Kc7 Qf7+ 79. Kb8
Qf8+ 80. Rc8 Qf4+ 81. Ka8 Qxh4 82. Na5 $18) 78. Kc7 Qe8 79. Nd6 Qa8 80. Ra5 Kc3
81. Nc8 Kb4 82. Nb6 Qf8 83. a8=Q Qf4+ 84. Kc6 Qc1+ 85. Kd7 {
Una excelente demostración de técnica por parte del jugador ruso.} 1-0